| 000 | 00715cam a22002294a 4500 | ||
|---|---|---|---|
| 001 | 17130886 | ||
| 005 | 20250317163806.0 | ||
| 008 | 120123s2012 inua 001 0 eng d | ||
| 020 | _a9780672335860 (pbk.) | ||
| 020 | _a0672335867 (pbk.) | ||
| 050 | 0 | 0 |
_aHM743 _b.R87 2012 |
| 082 | 0 | 4 |
_a006.7/54 _223 |
| 100 | 1 | _aRutledge, Patrice-Anne. | |
| 245 | 1 | 0 |
_aSams teach yourself Google+ in 10 minutes / _cPatrice-Anne Rutledge. |
| 260 |
_aIndianapolis, Ind. : _bSams _c2012 |
||
| 300 |
_avii, 242 p. : _bill. ; _c21 cm. |
||
| 500 | _aIncludes index. | ||
| 650 | 0 | _aGoogle+ (Electronic resource) | |
| 650 | 0 | _aOnline social networks. | |
| 650 | 0 |
_aSocial networks _xComputer network resources. |
|
| 942 |
_2lcc _cBK _n0 |
||
| 999 |
_c4892 _d4892 |
||